00544 a2200145 4500020001500000082002100015100002300036245006300059260004000122300002700162650005600189700002200245999001300267952011800280 a995300742x a892.956.9bT722r aToufic, Jalal9728 aReading, Rewriting Poe's The Oval PortraitbIn Your Dreams aBeirut, LebanonbAshkal Alwanc2004 a36 pbill (col)c21 cm xliteraturaxficcionxfilosofiazlibano (arabe)9729 aJalal Toufic9730 c150d150 00102ddc4070aLVbLVcPensamientod2014-05-22l0o892.956.9 T722rp003975r2014-05-22 00:00:00w2014-05-22y01